| 000 | 00667nam a2200217 i 4500 | ||
|---|---|---|---|
| 001 | 36574 | ||
| 003 | ES-MaACL | ||
| 005 | 20250804062528.0 | ||
| 007 | t| | ||
| 008 | 030218s1981 sp ||||1| spa d | ||
| 100 | 1 |
_aBrown, J. A. C. _931998 |
|
| 245 | 1 | 0 |
_aTécnicas de persuasión _b: de la propaganda al lavado de cerebro / _cJ.A.C. Brown ; [traductor, Rafael Mazarrasa]. |
| 250 | _a[2ª ed.]. | ||
| 260 |
_aMadrid : _bAlianza, _c[1981] |
||
| 300 |
_a303 p. ; _c18 cm. |
||
| 490 | 1 | _aEl libro de bolsillo | |
| 700 | 1 |
_aMazarrasa, Rafael. _979462 |
|
| 830 | 0 | 3 |
_aEl libro de bolsillo _9177802 |
| 852 |
_aES-MaACL _jL-2373 _bR.102739 |
||
| 999 |
_c36574 _d36574 |
||